Tous les joueurs de l’OGC Nice depuis 2010 - Statistiques

Statistiques générales
  • Ce quiz a été pris 27 fois
    11 depuis la dernière actualisation
  • Le résultat moyen est 91 sur 201
Statistiques - réponses
Poste(s) Nationalité Saison(s) Réponse % Correct
Défenseur Brésil 2016- Dante
100%
Milieu France 2015-2016 Hatem Ben Arfa
100%
Attaquant Danemark 2019-2023 Kasper Dolberg
100%
Gardien Pologne 2021- Marcin Bulka
100%
Attaquant Italie 2016-2019 Mario Balotelli
100%
Attaquant Algérie 2020-2022 Amine Gouiri
83%
Attaquant Algérie 2021-2023 Andy Delort
83%
Gardien Colombie 2008-2014 David Ospina
83%
Défenseur France 2015-2020 Gauthier Lloris
83%
Défenseur France 2021- Jean-Clair Todibo
83%
Gardien Danemark 2022-2023 Kasper Schmeichel
83%
Milieu France 2019-2024 Khéphren Thuram
83%
Attaquant Côte d'Ivoire 2022-2023 Nicolas Pépé
83%
Attaquant Nigéria 2023- Terem Moffi
83%
Milieu France 2014-2018 Vincent Koziello
83%
Gardien Argentine 2016-2022 Walter Benítez
83%
Gardien France 2015-2021 Yoan Cardinale
83%
Défenseur Algérie 2018-2024 Youcef Atal
83%
Milieu Algérie 2019-2020 Adam Ounas
67%
Attaquant France 2012-2017 Alexy Bosetti
67%
Attaquant France 2017-2019 Allan Saint-Maximin
67%
Attaquant Algérie 2023- Badredine Bouanani
67%
Milieu Brésil 2014-2015 Carlos Eduardo
67%
Défenseur Brésil 2016-2017 Dalbert
67%
Attaquant Argentine 2012-2015 Darío Cvitanich
67%
Milieu France 2010-2015 Didier Digard
67%
Attaquant Côte d'Ivoire 2020- Evann Guessand
67%
Milieu France 2011-2014 Fabrice Abriel
67%
Défenseur Autriche 2020-2022 Flavius Daniliuc
67%
Attaquant France 2022- Gaëtan Laborde
67%
Défenseur France 2013-2015 Grégoire Puel
67%
Défenseur Côte d'Ivoire 2020-2022 Hassane Kamara
67%
Milieu Algérie 2019- Hicham Boudaoui
67%
Milieu Côte d'Ivoire 2015-2018 Jean Michaël Seri
67%
Milieu/attaquant Pays-Bas 2021-2022 Justin Kluivert
67%
Gardien France 1992-19962007-2011 Lionel Letizi
67%
Milieu Gabon 2021-2023 Mario Lemina
67%
Défenseur Brésil 2017-2018 Marlon Santos
67%
Défenseur/milieu France 2013-2017 Mathieu Bodmer
67%
Défenseur Italie 2022- Mattia Viti
67%
Défenseur France 2015-2018 Maxime Le Marchand
67%
Défenseur France 2021- Melvin Bard
67%
Défenseur Canada 2024- Moise Bombito
67%
Milieu France 2023- Morgan Sanson
67%
Milieu France 2020-2023 Morgan Schneiderlin
67%
Gardien Tunisie 2013-2019 Mouez Hassen
67%
Milieu Pays-Bas 2021- Pablo Rosario
67%
Attaquant France 2014-2017 Paulin Puel
67%
Milieu France 2017-2021 Pierre Lees-Melou
67%
Défenseur Portugal 2015-2017 Ricardo Pereira
67%
Milieu Angleterre 2022-2023 Ross Barkley
67%
Milieu Maroc 2022- Sofiane Diop
67%
Défenseur Sénégal 2014-2015 Souleymane Diawara
67%
Milieu France 2024- Tanguy Ndombélé
67%
Milieu France 2023- Tom Louchet
67%
Attaquant France 2016-2016 Valère Germain
67%
Milieu Pays-Bas 2017-2018 Wesley Sneijder
67%
Milieu France 2016-2020 Wylan Cyprien
67%
Attaquant Allemagne 2024- Youssoufa Moukoko
67%
Milieu Pays de Galles 2022-2023 Aaron Ramsey
50%
Milieu Mali 2010-2011 Abdou Traoré
50%
Attaquant France 2014-2018 Alassane Pléa
50%
Défenseur Madagascar 2012-2019 Albert Rafetraniaina
50%
Attaquant Guinée-Bissau 2013-2016 Alexandre Mendy
50%
Attaquant Grèce 2016-2017 Anastásios Dónis
50%
Défenseur France 2022- Antoine Mendy
50%
Milieu Tunisie 2017-2020 Bassem Srarfi
50%
Attaquant Algérie 2022- Billal Brahimi
50%
Milieu/attaquant Pays-Bas 2021-2023 Calvin Stengs
50%
Milieu France 2011-2013 Camel Meriem
50%
Milieu Belgique 2013-2014 Christian Brüls
50%
Défenseur France 2018-2020 Christophe Hérelle
50%
Défenseur France 2017-2019 Christophe Jallet
50%
Attaquant Suisse 2020-2022 Dan Ndoye
50%
Milieu France 2024-2024 Daouda Traoré
50%
Milieu Côte d'Ivoire 2009-2012 Émerse Faé
50%
Milieu/attaquant France 2012-2015 Éric Bauthéac
50%
Attaquant Cameroun 2017-2020 Ignatius Ganago
50%
Milieu Côte d'Ivoire 2023- Jérémie Boga
50%
Défenseur France 2012-2016 Jérémy Pied
50%
Défenseur France 2024- Jonathan Clauss
50%
Défenseur Suisse 2020- Jordan Lotomba
50%
Milieu France 2012-2013 Kévin Anin
50%
Défenseur France 2011-2016 Kévin Gomis
50%
Défenseur Gabon 2011-2015 Lloyd Palun
50%
Milieu Mali 2006-2016 Mahamane Traoré
50%
Défenseur France 2016-2020 Malang Sarr
50%
Attaquant France 2015-2019 Mickaël Le Bihan
50%
Défenseur Égypte 2024- Mohamed Abdelmonem
50%
Attaquant France 2024- Mohamed-Ali Cho
50%
Milieu Sénégal 2013-2016 Nampalys Mendy
50%
Attaquant France 2012-2015 Neal Maupay
50%
Défenseur Serbie 2010-2014 Nemanja Pejčinović
50%
Défenseur Suède 2014-2016 Niklas Hult
50%
Défenseur France 2015-2017 Paul Baysse
50%
Milieu Roumanie 2022- Rareș Ilie
50%
Défenseur Argentine 2010-2013 Renato Civelli
50%
Défenseur Haïti 2012-2016 Romain Genevois
50%
Milieu/attaquant Portugal 2020-2021 Rony Lopes
50%
Milieu/attaquant Algérie 2013-2018 Saïd Benrahma
50%
Gardien France 2014-2018 Simon Pouplin
50%
Défenseur France 2019-2021 Stanley Nsoki
50%
Défenseur France 2012-2014 Timothée Kolodziejczak
50%
Milieu France 2012-2017 Valentin Eysseric
50%
Attaquant Nigéria 2024- Victor Orakpo
50%
Milieu France 2016-2019 Vincent Marcel
50%
Défenseur France 2020-2021 William Saliba
50%
Défenseur Burundi 2023- Youssouf Ndayishimiye
50%
Attaquant Côte d'Ivoire 2011-2014 Abraham Guié Guié
33%
Milieu France 2017-2020 Adrien Tameze
33%
Milieu France 2022- Alexis Beka Beka
33%
Milieu France 2019- Alexis Claude-Maurice
33%
Attaquant Guinée 2023- Aliou Baldé
33%
Gardien Algérie 2013-2016 Anthony Mandrea
33%
Milieu/attaquant France 2009-2012 Anthony Mounier
33%
Défenseur France 2016-2018 Arnaud Souquet
33%
Milieu Tunisie 2008-2011 Chaouki Ben Saada
33%
Attaquant Serbie 2010-2011 Danijel Ljuboja
33%
Milieu France 2007-2012 David Hellebuyck
33%
Défenseur France 2012-2014 Diacko Fofana
33%
Attaquant France 2016-2017 Dorian Caddy
33%
Défenseur Mali 2006-2012 Drissa Diakité
33%
Milieu France 2011-2012 Elliot Grandin
33%
Attaquant Gabon 2008-2012 Éric Mouloungui
33%
Défenseur Argentine 2011-2012 Fabián Monzón
33%
Milieu France 2012-2015 Fabien Dao Castellana
33%
Attaquant Côte d'Ivoire 2011-2012 Franck Dja Djédjé
33%
Milieu/attaquant France 2013-2017 Franck Honorat
33%
Attaquant Burkina Faso 2007-2011 Habib Bamogo
33%
Défenseur Côte d'Ivoire 2019-2022 Ibrahim Cissé
33%
Milieu France 2020-2021 Jeff Reine-Adélaïde
33%
Défenseur Angleterre 2022-2023 Joe Bryan
33%
Défenseur France 2013-20152021-2022 Jordan Amavi
33%
Gardien France 2012-2015 Joris Delle
33%
Milieu France 2009-2012 Julien Sablé
33%
Milieu Belgique 2014-2017 Julien Vercauteren
33%
Milieu Côte d'Ivoire 2008-2012 Kafoumba Coulibaly
33%
Attaquant France 2017-2019 Lamine Diaby-Fadiga
33%
Attaquant France 2008-2010 Loïc Rémy
33%
Défenseur France 2012-2016 Lucas Rougeaux
33%
Gardien France 2010-2014 Lucas Veronese
33%
Milieu Pays-Bas 2013-2014 Luigi Bruins
33%
Défenseur France 2015-2019 Olivier Boscagli
33%
Gardien Pérou 2011-2012 Raúl Fernández
33%
Milieu France 2021-2024 Reda Belahyane
33%
Milieu France 2016-2020 Rémi Walter
33%
Défenseur Brésil 2020-2024 Robson Bambu
33%
Défenseur France 2016-20192023- Romain Perraud
33%
Défenseur France 2024-2024 Valentin Rosier
33%
Milieu Brésil 2015-2016 Wallyson Mallmann
33%
Attaquant France 2011-2015 Xavier Pentecôte
33%
Gardien Martinique 2019-2021 Yannis Clementia
33%
Milieu Maroc 2016-2017 Younès Belhanda
33%
Milieu Ghana 2009-2011 Abeiku Quansah
17%
Attaquant Brésil 2009-2011 Adeílson
17%
Défenseur France 2009-2011 Alain Cantareil
17%
Milieu France 2020-2022 Alexis Trouillet
17%
Milieu France 2024- Amidou Doumbouya
17%
Milieu France 2023- Andréa Dacourt
17%
Défenseur France 2019-2021 Andy Pelmard
17%
Attaquant Italie 2015-2016 Antony Ranieri
17%
Milieu France 2016-2020 Arnaud Lusamba
17%
Attaquant Tunisie 2019-2020 Assil Jaziri
17%
Défenseur Maroc 2022- Ayoub Amraoui
17%
Attaquant France 2013-2017 Bryan Constant
17%
Milieu France 2010-2012 Cyril Hennion
17%
Milieu Brésil 2018-2022 Danilo Barbosa
17%
Attaquant France 2006-20072010-2011 David Bellion
17%
Attaquant Mali 2005-20062009-2011 Mamadou Bagayoko
17%
Milieu France 2018-2022 Eddy Sylvestre
17%
Attaquant Guinée-Bissau 2011-2012 Esmaël Gonçalves
17%
Défenseur France 2010-2012 François Clerc
17%
Défenseur France 2009-2011 Grégory Paisley
17%
Milieu France 2017-2021 Hicham Mahou
17%
Milieu France 2018-2022 Ihsan Sacko
17%
Défenseur France 2006-2011 Ismaël Gacé
17%
Milieu France 2017-2020 Jean-Victor Makengo
17%
Défenseur Monaco 2015-2016 Jonathan Correia Da Fonseca
17%
Milieu Canada 2021- Justin Smith
17%
Milieu France 2012-2013 Kévin Diaz
17%
Défenseur France 2011-2012 Kévin Malaga
17%
Défenseur RDC 2009-2011 Larrys Mabiala
17%
Milieu France 2020-2022 Lucas Da Cunha
17%
Milieu France 2020-2021 Malik Sellouki
17%
Attaquant France 2018-2019 Maxime Pélican
17%
Attaquant Bénin 2009-2011 Mickaël Poté
17%
Milieu Maroc 2016-2017 Mounir Obbadi
17%
Défenseur Sénégal 2019-2020 Moussa Wagué
17%
Attaquant Comores 2018-2021 Myziane Maolida
17%
Défenseur France 2019-2022 Noah Crétier
17%
Défenseur Martinique 2016-2020 Patrick Burner
17%
Milieu Portugal 2019-2021 Pedro Brazão
17%
Défenseur Sénégal 2017-2021 Racine Coly
17%
Milieu Danemark 2019-2020 Riza Durmisi
17%
Attaquant/milieu Sénégal 2014-2015 Sada Thioub
17%
Attaquant France 2020-2021 Salim Ben Seghir
17%
Attaquant Cameroun 2010-2014 Stéphane Bahoken
17%
Défenseur Madagascar 2012-2016 Stéphan Raheriharimanana
17%
Défenseur France 2019-2022 Théo Pionnier
17%
Milieu France 2022- Théo Trinker
17%
Défenseur/milieu France 2018-2023 Paul Wade
0%
Aucun quiz correspondant
Distribution des résultats
% des personnes avec chaque résultat
Percentile par nombre de réponses
Votre historique - résultats
Vous n’avez pas pris ce quiz depuis la dernière actualisation